[Event "Bodenmais op"]
[Site "Bodenmais"]
[Date "2022.07.30"]
[Round "1"]
[White "Sandner, Gunter"]
[Black "Hackbarth, Christa"]
[Result "1-0"]
[WhiteElo "2244"]
[BlackElo "1769"]
[PlyCount "77"]
[EventDate "2022.07.30"]
[EventType "swiss"]
[EventRounds "9"]
[EventCountry "GER"]
[SourceTitle "CBM 209 Extra"]
[Source "ChessBase"]
[SourceDate "2022.09.30"]
[SourceVersion "1"]
[SourceVersionDate "2022.09.30"]
[SourceQuality "1"]

1. d4 d5 2. c4 c6 3. Nf3 e6 4. Qc2 Nf6 5. g3 Nbd7 6. Bg2 Be7 7. 0-0 0-0 8. Nbd2 b6 9. e4 dxe4 10. Nxe4 Bb7 11. Bf4 c5 12. Nd6 Bxd6 13. Bxd6 Re8 14. Rad1 Qc8 15. Rfe1 h6 16. b3 cxd4 17. Rxd4 Bc6 18. Ba3 Rb8 19. Qc3 b5 20. Bd6 Ra8 21. Bf1 Qa6 22. Ne5 Rac8 23. Qb4 bxc4 24. Rxc4 Nxe5 25. Bxe5 Nd5 26. Qd2 Qb7 27. Rg4 f6 28. Bb2 Kf7 29. Bd3 Ne7 30. Qe2 Bd7 31. Rxg7+ Kxg7 32. Qg4+ Kf8 33. Bxf6 Nf5 34. Bxf5 Bb5 35. Bxe6 Rxe6 36. Qxe6 Qc7 37. Be7+ Kg7 38. Qf6+ Kg8 39. Qg6+ 1-0

[Event "Oberliga Ost-A 2122"]
[Site "Germany"]
[Date "2022.05.07"]
[Round "9.6"]
[White "Sandner, Gunter"]
[Black "Ellemann, Stefan"]
[Result "1/2-1/2"]
[WhiteElo "2257"]
[BlackElo "2036"]
[PlyCount "38"]
[EventDate "2021.10.10"]
[EventType "team-tourn"]
[EventRounds "11"]
[EventCountry "GER"]
[SourceTitle "EXT 2023"]
[Source "ChessBase"]
[SourceDate "2022.10.05"]
[SourceVersion "1"]
[SourceVersionDate "2022.10.05"]
[SourceQuality "1"]
[WhiteTeam "Plauen Koenig"]
[BlackTeam "Sangerhausen"]
[WhiteTeamCountry "GER"]
[BlackTeamCountry "GER"]

1. Nf3 Nf6 2. c4 e6 3. g3 Be7 4. Bg2 0-0 5. d4 d5 6. Qc2 dxc4 7. a4 a6 8. Qxc4 b5 9. Qd3 b4 10. Bg5 Bb7 11. Nbd2 c5 12. 0-0 cxd4 13. Qxd4 Qxd4 14. Nxd4 Bxg2 15. Kxg2 Rd8 16. N2b3 Rd5 17. Bf4 Nbd7 18. f3 Bf8 19. Be3 Ne5 1/2-1/2

[Event "Oberliga Ost-A 1920"]
[Site "Germany"]
[Date "2019.12.08"]
[Round "5.2"]
[White "Dietze, Frank"]
[Black "Sandner, Gunter"]
[Result "0-1"]
[WhiteElo "2066"]
[BlackElo "2275"]
[PlyCount "90"]
[EventDate "2019.09.29"]
[EventType "team-tourn"]
[EventRounds "11"]
[EventCountry "GER"]
[SourceTitle "EXT 2021"]
[Source "ChessBase"]
[SourceDate "2020.10.23"]
[SourceVersion "1"]
[SourceVersionDate "2020.10.23"]
[SourceQuality "1"]
[WhiteTeam "Leipzig SG II"]
[BlackTeam "Plauen Koenig"]
[WhiteTeamCountry "GER"]
[BlackTeamCountry "GER"]

1. d4 Nf6 2. c4 e6 3. g3 c5 4. d5 exd5 5. cxd5 d6 6. Nc3 g6 7. Bg2 Bg7 8. Nf3 0-0 9. 0-0 a6 10. a4 Re8 11. Bf4 Nh5 12. Bg5 Qc7 13. Qd2 Bg4 14. h3 Bxf3 15. Bxf3 Nf6 16. Rfc1 Nbd7 17. Bg2 Rab8 18. Rab1 c4 19. b3 cxb3 20. Rxb3 Nc5 21. Rbb1 b6 22. Qf4 Nh5 23. Qf3 f5 24. g4 fxg4 25. hxg4 Rf8 26. Qe3 Nf6 27. Bxf6 Bxf6 28. Ne4 Be5 29. Nxc5 bxc5 30. Rxb8 Qxb8 31. Qd3 Qb4 32. Qc4 Rf4 33. Qxa6 Rxg4 34. Qc8+ Kg7 35. Kf1 Rf4 36. Qh3 Qxa4 37. Rb1 Rb4 38. Rc1 Rd4 39. Bf3 Rh4 40. Qe6 Kh6 41. Qe7 Qf4 42. Rc2 Rh2 43. Ke1 Qb4+ 44. Kd1 Qd4+ 45. Kc1 Rxf2 0-1

[Event "Oberliga Ost-A 1920"]
[Site "Germany"]
[Date "2019.11.16"]
[Round "2.1"]
[White "Sandner, Gunter"]
[Black "Strache, Michael"]
[Result "0-1"]
[WhiteElo "2275"]
[BlackElo "2281"]
[PlyCount "92"]
[EventDate "2019.09.29"]
[EventType "team-tourn"]
[EventRounds "11"]
[EventCountry "GER"]
[SourceTitle "EXT 2021"]
[Source "ChessBase"]
[SourceDate "2020.10.23"]
[SourceVersion "1"]
[SourceVersionDate "2020.10.23"]
[SourceQuality "1"]
[WhiteTeam "Plauen Koenig"]
[BlackTeam "Sangerhausen"]
[WhiteTeamCountry "GER"]
[BlackTeamCountry "GER"]

1. Nf3 c5 2. g3 b6 3. d3 Bb7 4. Bg2 e6 5. 0-0 d6 6. e4 Nd7 7. Nc3 Ngf6 8. Re1 Be7 9. Bf4 0-0 10. e5 dxe5 11. Nxe5 Qc8 12. a4 Nxe5 13. Bxe5 Rd8 14. Ne4 Nd5 15. c4 f6 16. cxd5 fxe5 17. d6 Bxd6 18. Qh5 Be7 19. Re3 Qc7 20. Bh3 Bxe4 21. Bxe6+ Kh8 22. Rxe4 g6 23. Qe2 Bf6 24. h4 Qd6 25. Bc4 Rf8 26. Kg2 Bg7 27. Re1 Rf5 28. g4 Rff8 29. Qe3 Rad8 30. Re2 Qc6 31. Bb5 Qb7 32. Bc4 Rf4 33. f3 Rdf8 34. g5 Qd7 35. Qf2 Qxa4 36. h5 gxh5 37. Bf7 Rxe4 38. Rxe4 Qd7 39. Bxh5 Qxd3 40. Qh4 Qd2+ 41. Kg3 Rf5 42. g6 Bf6 43. Qh3 Qg5+ 44. Bg4 Qxg6 45. Kf2 Rf4 46. Bh5 Qxe4 0-1

[Event "BL2-Ost 1819"]
[Site "Germany"]
[Date "2018.11.10"]
[Round "1.3"]
[White "Sandner, Gunter"]
[Black "Eliseev, Evgeniy1111"]
[Result "0-1"]
[WhiteElo "2274"]
[BlackElo "2389"]
[PlyCount "76"]
[EventDate "2018.11.10"]
[EventType "team-tourn"]
[EventRounds "10"]
[EventCountry "GER"]
[SourceTitle "CBM 190 Extra"]
[Source "ChessBase"]
[SourceDate "2019.07.15"]
[SourceVersion "1"]
[SourceVersionDate "2019.07.15"]
[SourceQuality "1"]
[WhiteTeam "Plauen Koenig"]
[BlackTeam "Nuernberg NT"]
[WhiteTeamCountry "GER"]
[BlackTeamCountry "GER"]

1. d4 d5 2. c4 e6 3. Nf3 Nf6 4. g3 Bb4+ 5. Bd2 Bd6 6. Bg2 c6 7. 0-0 0-0 8. Qc2 Nbd7 9. Nc3 dxc4 10. Rad1 Qc7 11. e4 e5 12. Bg5 Ng4 13. h3 h6 14. Bc1 Ngf6 15. Be3 Re8 16. dxe5 Nxe5 17. Nd4 Bd7 18. f4 Nd3 19. e5 Bb4 20. Kh2 Bxc3 21. Qxc3 Rac8 22. Bg1 Nd5 23. Qd2 b5 24. Nxb5 cxb5 25. Bxd5 Bxh3 26. Bxf7+ Qxf7 27. Kxh3 Qh5+ 28. Kg2 Rcd8 29. Qc2 Nb4 30. Qc1 Qe2+ 31. Bf2 Nd3 32. Qe3 Qxe3 33. Bxe3 Nxb2 34. Rd4 Nd3 35. f5 Nxe5 36. f6 g5 37. Re4 Kf7 38. Bc5 Rd2+ 0-1

[Event "Oberliga Ost-A 1718"]
[Site "Germany"]
[Date "2018.02.04"]
[Round "7.5"]
[White "Liedtke, Matthias"]
[Black "Sandner, Gunter"]
[Result "1/2-1/2"]
[WhiteElo "2265"]
[BlackElo "2255"]
[PlyCount "71"]
[EventDate "2017.10.22"]
[EventType "team-tourn"]
[EventRounds "11"]
[EventCountry "GER"]
[SourceTitle "EXT 2019"]
[Source "ChessBase"]
[SourceDate "2018.10.10"]
[SourceVersion "1"]
[SourceVersionDate "2018.10.10"]
[SourceQuality "1"]
[WhiteTeam "Leipzig SG II"]
[BlackTeam "Plauen Koenig"]
[WhiteTeamCountry "GER"]
[BlackTeamCountry "GER"]

1. e4 g6 2. d4 Bg7 3. Nf3 d6 4. Bd3 Bg4 5. c3 Nd7 6. h3 Bxf3 7. Qxf3 e5 8. d5 Ne7 9. c4 0-0 10. Qe2 f5 11. f3 fxe4 12. fxe4 c6 13. Be3 cxd5 14. cxd5 Nc5 15. Nc3 Qa5 16. Bc2 Rac8 17. 0-0-0 Nxe4 18. Nxe4 Qxa2 19. Nc3 Qa1+ 20. Nb1 e4 21. Qb5 Nf5 22. Rhe1 Nxe3 23. Rxe3 Rc5 24. Qb4 Bh6 25. Qxe4 Rcc8 26. Rd2 Bxe3 27. Qxe3 Qa6 28. Nc3 Qa1+ 29. Nb1 Rf1+ 30. Rd1 Rxc2+ 31. Kxc2 Qa4+ 32. b3 Qa2+ 33. Kc3 Qa1+ 34. Kc2 Qa2+ 35. Kc3 Qa1+ 36. Kc2 1/2-1/2

[Event "Oberliga Ost-A 1516"]
[Site "Germany"]
[Date "2016.03.13"]
[Round "9.6"]
[White "Schuh, Ruediger"]
[Black "Sandner, Gunter"]
[Result "0-1"]
[WhiteElo "2056"]
[BlackElo "2268"]
[PlyCount "72"]
[EventDate "2015.09.20"]
[EventType "team-tourn"]
[EventRounds "11"]
[EventCountry "GER"]
[SourceTitle "EXT 2017"]
[Source "ChessBase"]
[SourceDate "2016.10.25"]
[SourceVersion "1"]
[SourceVersionDate "2016.10.25"]
[SourceQuality "1"]
[WhiteTeam "Hoyerswerda"]
[BlackTeam "Plauen Koenig"]
[WhiteTeamCountry "GER"]
[BlackTeamCountry "GER"]

1. d4 Nf6 2. c4 e6 3. Nc3 c5 4. d5 exd5 5. cxd5 d6 6. e4 g6 7. h3 Bg7 8. Nf3 0-0 9. Bd3 a6 10. a4 Nbd7 11. 0-0 Qc7 12. Re1 Re8 13. Bf4 Rb8 14. Bh2 b6 15. Bf1 Bb7 16. Nd2 Rbd8 17. Nc4 Ne5 18. Ne3 Qe7 19. Qb3 Rb8 20. Rad1 b5 21. axb5 axb5 22. Qxb5 Ba8 23. Qa6 Rxb2 24. f4 Ned7 25. Nc4 Rc2 26. Nb5 Nxe4 27. Ncxd6 Qf6 28. Bd3 Qd4+ 29. Nxd4 Bxd4+ 30. Re3 Bxe3+ 31. Kf1 Rf2+ 32. Ke1 Nxd6 33. Be2 Rxg2 34. Qxd6 Rxe2+ 35. Kf1 Rf2+ 36. Kg1 Rd2+ 0-1

[Event "Oberliga Ost-A 1516"]
[Site "Germany"]
[Date "2015.10.10"]
[Round "2.5"]
[White "Sandner, Gunter"]
[Black "Kahe, Ralph"]
[Result "1-0"]
[WhiteElo "2268"]
[BlackElo "2158"]
[PlyCount "99"]
[EventDate "2015.09.20"]
[EventType "team-tourn"]
[EventRounds "11"]
[EventCountry "GER"]
[SourceTitle "EXT 2017"]
[Source "ChessBase"]
[SourceDate "2016.10.25"]
[SourceVersion "1"]
[SourceVersionDate "2016.10.25"]
[SourceQuality "1"]
[WhiteTeam "Plauen Koenig"]
[BlackTeam "Magdeburg Rochade"]
[WhiteTeamCountry "GER"]
[BlackTeamCountry "GER"]

1. Nf3 d5 2. g3 c6 3. c4 dxc4 4. Bg2 e6 5. a4 Nf6 6. 0-0 Qd5 7. Nc3 Qa5 8. b3 cxb3 9. Qxb3 Nbd7 10. d4 Qb6 11. Qc4 a5 12. Rb1 Qa6 13. Qb3 Bb4 14. Na2 Be7 15. Re1 0-0 16. e4 Rd8 17. Bf4 Ne8 18. Qc2 Ndf6 19. h3 h6 20. Be3 b5 21. Bf1 Bd7 22. Ne5 Rac8 23. Rec1 Qa8 24. g4 b4 25. Bg2 Qb8 26. Nc4 Qc7 27. Qd2 c5 28. Bf4 Qa7 29. d5 Bxa4 30. d6 Bb5 31. e5 Nh7 32. Be3 Bxc4 33. Rxc4 Nxd6 34. exd6 Bxd6 35. Qc2 a4 36. Rbxb4 Nf6 37. Rxa4 Qc7 38. Nc3 Nd5 39. Nxd5 exd5 40. Rc3 Be7 41. Bf4 Qd7 42. Rd3 d4 43. Rc4 Qe6 44. Bf3 Qf6 45. Bg3 Qa6 46. Ra4 Qb5 47. Qc4 Qb1+ 48. Kg2 Bd6 49. Ra7 Rc7 50. Rxc7 1-0

[Event "Oberliga Ost-A 1415"]
[Site "Germany"]
[Date "2015.04.12"]
[Round "11.6"]
[White "Oehl, Tim"]
[Black "Sandner, Gunter"]
[Result "0-1"]
[WhiteElo "2120"]
[BlackElo "2246"]
[PlyCount "68"]
[EventDate "2014.09.21"]
[EventType "team-tourn"]
[EventRounds "11"]
[EventCountry "GER"]
[SourceTitle "EXT 2016"]
[Source "ChessBase"]
[SourceDate "2015.10.08"]
[SourceVersion "1"]
[SourceVersionDate "2015.10.08"]
[SourceQuality "1"]
[WhiteTeam "Dresden USV TU II"]
[BlackTeam "Plauen Koenig"]
[WhiteTeamCountry "GER"]
[BlackTeamCountry "GER"]

1. c4 Nf6 2. Nf3 g6 3. Nc3 Bg7 4. e4 c5 5. Be2 0-0 6. 0-0 Nc6 7. d3 d6 8. h3 Ne8 9. Be3 e5 10. Ne1 Nd4 11. f4 f5 12. fxe5 Bxe5 13. Qd2 Ng7 14. Bg5 Qa5 15. Bd1 Bd7 16. Nf3 Nxf3+ 17. Bxf3 f4 18. Bh4 b5 19. Be1 a6 20. Qe2 Qd8 21. Rb1 Qg5 22. h4 Bd4+ 23. Kh1 Qh6 24. Nd5 Rae8 25. Bg4 Bxg4 26. Qxg4 bxc4 27. Bd2 cxd3 28. Bxf4 Qh5 29. Qxh5 Nxh5 30. Bxd6 Rxf1+ 31. Rxf1 Rxe4 32. g4 d2 33. gxh5 Re1 34. Ne7+ Kh8 0-1

[Event "Oberliga Ost-A 1415"]
[Site "Germany"]
[Date "2014.12.07"]
[Round "5.4"]
[White "Sandner, Gunter"]
[Black "Jahnel, Guenther"]
[Result "1/2-1/2"]
[WhiteElo "2246"]
[BlackElo "2269"]
[PlyCount "81"]
[EventDate "2014.09.21"]
[EventType "team-tourn"]
[EventRounds "11"]
[EventCountry "GER"]
[SourceTitle "EXT 2016"]
[Source "ChessBase"]
[SourceDate "2015.10.08"]
[SourceVersion "1"]
[SourceVersionDate "2015.10.08"]
[SourceQuality "1"]
[WhiteTeam "Plauen Koenig"]
[BlackTeam "Hoyerswerda"]
[WhiteTeamCountry "GER"]
[BlackTeamCountry "GER"]

1. d4 Nf6 2. Nf3 g6 3. g3 Bg7 4. Bg2 0-0 5. 0-0 c5 6. Nc3 cxd4 7. Nxd4 Nc6 8. Nb3 d6 9. h3 Bd7 10. e4 a5 11. a4 Rc8 12. Be3 Ne5 13. Nd2 Be6 14. f4 Nc4 15. Nxc4 Bxc4 16. Re1 Nd7 17. Bd4 e5 18. Be3 Nb6 19. Kh2 Be6 20. f5 gxf5 21. exf5 Bxf5 22. Bxb7 Rb8 23. Be4 Bxe4 24. Nxe4 d5 25. Ng5 h6 26. Nf3 Nc4 27. Bc1 Nxb2 28. Qe2 e4 29. Nh4 Qc8 30. Qh5 Rb6 31. Nf5 Re8 32. Bxh6 Rxh6 33. Nxh6+ Bxh6 34. Qxh6 Qxc2+ 35. Kh1 Nd3 36. Rf1 Nf2+ 37. Kg1 e3 38. Qg5+ Qg6 39. Qxg6+ fxg6 40. Rxf2 exf2+ 41. Kxf2 1/2-1/2

[Event "BL2-Ost 1314"]
[Site "Germany"]
[Date "2014.01.21"]
[Round "10.4"]
[White "Promyshlyanskiy, Vitaliy"]
[Black "Sandner, Gunter"]
[Result "0-1"]
[WhiteElo "2235"]
[BlackElo "2258"]
[PlyCount "72"]
[EventDate "2013.10.12"]
[EventType "team-tourn"]
[EventRounds "10"]
[EventCountry "GER"]
[SourceTitle "EXT 2015"]
[Source "ChessBase"]
[SourceDate "2014.11.20"]
[SourceVersion "1"]
[SourceVersionDate "2014.11.20"]
[SourceQuality "1"]
[WhiteTeam "Nuernberg"]
[BlackTeam "Plauen Koenig"]
[WhiteTeamCountry "GER"]
[BlackTeamCountry "GER"]

1. e4 g6 2. d4 Bg7 3. Nc3 a6 4. f4 b5 5. Nf3 Bb7 6. Bd3 Nf6 7. Qe2 0-0 8. Bd2 d6 9. e5 Nd5 10. Ne4 Qc8 11. a4 Nc6 12. c3 Na5 13. Ra3 Nc4 14. Bxc4 bxc4 15. a5 Nxf4 16. Bxf4 Qf5 17. 0-0 Qxe4 18. Qd2 Rab8 19. Raa1 Qd5 20. Rf2 Rbd8 21. Bh6 f6 22. exf6 exf6 23. Re1 Rde8 24. Rfe2 Qf7 25. Bxg7 Kxg7 26. Re3 Rxe3 27. Rxe3 Re8 28. Kf2 Bd5 29. Qe2 Rxe3 30. Qxe3 Qe6 31. Qxe6 Bxe6 32. Nd2 Bd5 33. b3 cxb3 34. c4 Bf7 35. d5 b2 36. Ke3 g5 0-1

[Event "BL2-Ost 1314"]
[Site "Germany"]
[Date "2014.01.18"]
[Round "9.4"]
[White "Sandner, Gunter"]
[Black "Schmitz, Thorsten"]
[Result "0-1"]
[WhiteElo "2258"]
[BlackElo "2322"]
[PlyCount "108"]
[EventDate "2013.10.12"]
[EventType "team-tourn"]
[EventRounds "10"]
[EventCountry "GER"]
[SourceTitle "EXT 2015"]
[Source "ChessBase"]
[SourceDate "2014.11.20"]
[SourceVersion "1"]
[SourceVersionDate "2014.11.20"]
[SourceQuality "1"]
[WhiteTeam "Plauen Koenig"]
[BlackTeam "Garching"]
[WhiteTeamCountry "GER"]
[BlackTeamCountry "GER"]

1. d4 Nf6 2. Nf3 g6 3. c4 Bg7 4. g3 0-0 5. Bg2 d6 6. 0-0 Nc6 7. Nc3 a6 8. Nd5 Nh5 9. e4 Bg4 10. Ne3 Bxf3 11. Bxf3 Nxd4 12. Bxh5 gxh5 13. Qxh5 e6 14. Ng4 Qe7 15. Bh6 f5 16. Bxg7 Qxg7 17. exf5 exf5 18. Ne3 f4 19. Rad1 Kh8 20. Qg4 Qxg4 21. Nxg4 Ne2+ 22. Kh1 h5 23. Rd2 Rae8 24. Ne3 Nxg3+ 25. fxg3 Rxe3 26. gxf4 Rf5 27. Rg2 Kh7 28. Rfg1 Re7 29. Rg5 Rxg5 30. Rxg5 Kh6 31. b3 Rf7 32. Kg2 Rxf4 33. Rd5 b6 34. a4 a5 35. Kg3 Rg4+ 36. Kf3 Kg6 37. Rd2 Kf6 38. Rd5 Kg6 39. Rd2 Rg5 40. Kf4 Rg1 41. Ke4 Rg5 42. Rf2 Re5+ 43. Kd4 Kg5 44. Rf7 Rc5 45. Ke3 Kg4 46. Rf2 Re5+ 47. Kd4 Kh3 48. Kc3 h4 49. Kd4 Rg5 50. Re2 Rg2 51. Re7 Kxh2 52. Rxc7 Rg3 53. b4 h3 54. Rc6 Kg2 0-1

[Event "BL2-Ost 1112"]
[Site "Germany"]
[Date "2012.04.15"]
[Round "9.8"]
[White "Weichert, Helmut"]
[Black "Sandner, Gunter"]
[Result "1-0"]
[WhiteElo "2255"]
[BlackElo "2258"]
[PlyCount "69"]
[EventDate "2011.10.02"]
[EventType "team-tourn"]
[EventRounds "9"]
[EventCountry "GER"]
[SourceTitle "EXT 2015"]
[Source "ChessBase"]
[SourceDate "2014.11.20"]
[SourceVersion "1"]
[SourceVersionDate "2014.11.20"]
[SourceQuality "1"]
[WhiteTeam "Muenchen Tarrasch"]
[BlackTeam "Plauen Koenig"]
[WhiteTeamCountry "GER"]
[BlackTeamCountry "GER"]

1. d4 Nf6 2. Nc3 g6 3. e4 d6 4. f4 c6 5. Nf3 Bg7 6. Bd3 0-0 7. 0-0 b5 8. Qe1 a6 9. e5 Nd5 10. Ne4 f5 11. Neg5 h6 12. Nh3 Nc7 13. Be3 Be6 14. Nh4 Qe8 15. Qg3 Kh7 16. Nf3 Bd5 17. Rae1 Nd7 18. Bd2 dxe5 19. fxe5 e6 20. Bb4 Rh8 21. Bd6 Rc8 22. b3 Bxf3 23. Qxf3 Nd5 24. c4 N5b6 25. Nf4 bxc4 26. bxc4 c5 27. g4 Rg8 28. Kh1 cxd4 29. Nxg6 Nxc4 30. gxf5 Nxd6 31. fxe6 Nc5 32. Ne7+ Nxd3 33. Qxd3+ Ne4 34. Qxe4+ Kh8 35. Ng6+ 1-0